| 000 -LEADER |
| fixed length control field |
00399nam a2200157Ia 4500 |
| 008 - FIXED-LENGTH DATA ELEMENTS--GENERAL INFORMATION |
| fixed length control field |
231030s9999||||xx |||||||||||||| ||und|| |
| 020 ## - INTERNATIONAL STANDARD BOOK NUMBER |
| International Standard Book Number |
9.7893859351e+012 |
| 082 ## - DEWEY DECIMAL CLASSIFICATION NUMBER |
| Classification number |
658 |
| Item number |
Sha/O |
| 100 ## - MAIN ENTRY--PERSONAL NAME |
| Personal name |
Sharma j.k. |
| 245 #0 - TITLE STATEMENT |
| Title |
Operations research theory and applications |
| 250 ## - EDITION STATEMENT |
| Edition statement |
6 th Edition |
| 260 ## - PUBLICATION, DISTRIBUTION, ETC. |
| Place of publication, distribution, etc. |
New Delhi |
| Name of publisher, distributor, etc. |
University science press |
| 260 ## - PUBLICATION, DISTRIBUTION, ETC. |
| Date of publication, distribution, etc. |
2024 |
| 300 ## - PHYSICAL DESCRIPTION |
| Extent |
943p |
| 942 ## - ADDED ENTRY ELEMENTS (KOHA) |
| Koha item type |
Book |